Phân tích các nhân tố ảnh hưởng đến năng lực cạnh tranh của các doanh nghiệp nhỏ và vừa tham gia dự án CIDA tại Sóc Trăng : Luận văn tốt nghiệp thạc sĩ ngành Quản trị Kinh doanh

Nội dung luận văn giới thiệu cơ sở lý luận và phương pháp nghiên cứu. Phân tích các nhân tố ảnh hưởng đến năng lực cạnh tranh của các doanh nghiệp nhỏ và vừa tham gia dự án CIDA tại Sóc Trăng. Kết luận và kiến nghị nâng cao hiệu quả cạ...

ver descrição completa

Na minha lista:
Detalhes bibliográficos
Autor principal: Quang, Mỹ Trang
Formato: Livro
Idioma:Undetermined
Publicado em: Cần Thơ Trường Đại học Cần Thơ 2018
Assuntos:
Tags: Adicionar Tag
Sem tags, seja o primeiro a adicionar uma tag!
Thư viện lưu trữ: Trung tâm Học liệu Trường Đại học Cần Thơ
LEADER 01299nam a2200205Ia 4500
001 CTU_227456
008 210402s9999 xx 000 0 und d
082 |a 658.83 
082 |b Tr106 
100 |a Quang, Mỹ Trang 
245 0 |a Phân tích các nhân tố ảnh hưởng đến năng lực cạnh tranh của các doanh nghiệp nhỏ và vừa tham gia dự án CIDA tại Sóc Trăng : 
245 0 |b Luận văn tốt nghiệp thạc sĩ ngành Quản trị Kinh doanh 
245 0 |c Quang Mỹ Trang ; Lê Nguyễn Đoan Khôi (cán bộ hướng dẫn) 
260 |a Cần Thơ 
260 |b Trường Đại học Cần Thơ 
260 |c 2018 
520 |a Nội dung luận văn giới thiệu cơ sở lý luận và phương pháp nghiên cứu. Phân tích các nhân tố ảnh hưởng đến năng lực cạnh tranh của các doanh nghiệp nhỏ và vừa tham gia dự án CIDA tại Sóc Trăng. Kết luận và kiến nghị nâng cao hiệu quả cạnh tranh tại các doanh nghiệp vừa và nhỏ. 
650 |a Marketing research,Nghiên cứu thị trường 
910 |b dqhieu 
980 |a Trung tâm Học liệu Trường Đại học Cần Thơ